000 00264nam a2200109Ia 4500
008 200302s9999 xx 000 0 und d
100 _aCatherine edition
245 _aC A Contemporary architecture
260 _bImages Australia
260 _c2004
300 _a256 P.,
999 _c2914
_d2914